[Event "COL Subzt 2.3.4"]
[Site "Risarald"]
[Date "2021.11.25"]
[Round "5"]
[White "Nieto Medina, Agustin"]
[Black "Martinez Paipa, Hernan"]
[Result "1-0"]
[WhiteElo "2111"]
[BlackElo "1724"]
[PlyCount "95"]
[EventDate "2021.11.23"]
[EventType "swiss"]
[EventRounds "9"]
[EventCountry "COL"]
[SourceTitle "CBM 205 Extra"]
[Source "ChessBase"]
[SourceDate "2022.01.31"]
[SourceVersion "1"]
[SourceVersionDate "2022.01.31"]
[SourceQuality "1"]

1. e4 c5 2. d4 cxd4 3. c3 dxc3 4. Nxc3 d6 5. Bc4 Nf6 6. Nf3 e6 7. 0-0 Be7 8. Qe2 0-0 9. Rd1 Bd7 10. e5 dxe5 11. Nxe5 Qc8 12. Bg5 Rd8 13. Rxd7 Nfxd7 14. Nxf7 Nf8 15. Bxe7 Kxf7 16. Bxd8 Qxd8 17. Qf3+ Kg8 18. Qxb7 Nbd7 19. Rd1 Qe8 20. Bb5 Nc5 21. Qc7 Qh5 22. Bc6 Ne4 23. Bxe4 Re8 24. Bc6 Qc5 25. Qd6 Qxd6 26. Rxd6 Rb8 27. Rd2 Ng6 28. Ba4 Kf8 29. Bb3 Ke7 30. Re2 Nf8 31. f4 Kf6 32. g3 Rd8 33. Ne4+ Kf5 34. Bc2 h6 35. Kg2 g6 36. Kf3 h5 37. h3 e5 38. Nc5+ Kf6 39. fxe5+ Ke7 40. h4 Rc8 41. b4 a5 42. a3 axb4 43. axb4 Rb8 44. Re4 Rd8 45. Ke3 Ne6 46. Nxe6 Kxe6 47. Bb3+ Ke7 48. b5 1-0

[Event "COL-chT"]
[Site "Cartagena"]
[Date "2019.11.27"]
[Round "6.4"]
[White "Martinez Zuluaica, Julian"]
[Black "Martinez Paipa, Hernan"]
[Result "1-0"]
[WhiteElo "2117"]
[BlackElo "1798"]
[PlyCount "82"]
[EventDate "2019.11.24"]
[EventType "team-swiss"]
[EventRounds "7"]
[EventCountry "COL"]
[SourceTitle "CBM 193 Extra"]
[Source "ChessBase"]
[SourceDate "2020.01.31"]
[SourceVersion "1"]
[SourceVersionDate "2020.01.31"]
[SourceQuality "1"]
[WhiteTeam "Santander"]
[BlackTeam "Norte de Santander"]
[WhiteTeamCountry "COL"]
[BlackTeamCountry "COL"]

1. e4 c6 2. d4 d5 3. Nd2 dxe4 4. Nxe4 Bf5 5. Ng3 Bg6 6. Nf3 Nd7 7. Bc4 Ngf6 8. 0-0 e6 9. Re1 Be7 10. Qe2 Nd5 11. Bb3 0-0 12. c4 Nc7 13. Bf4 Re8 14. Rad1 Bb4 15. Rf1 Bf8 16. h4 h6 17. h5 Bh7 18. a3 Rc8 19. Bc2 Bxc2 20. Qxc2 Qe7 21. Qb3 b6 22. Qa4 a5 23. Ne4 Qd8 24. g3 Na8 25. Ne5 Nxe5 26. dxe5 Qc7 27. Nd6 Bxd6 28. exd6 Qd7 29. c5 Rb8 30. b4 bxc5 31. bxc5 Rb5 32. Be3 e5 33. Rb1 Reb8 34. Qc2 a4 35. Rxb5 cxb5 36. Rd1 Rc8 37. c6 Rxc6 38. Qxc6 Qxc6 39. d7 Nc7 40. d8Q+ Kh7 41. Rc1 Qd7 1-0

[Event "Uni De Paula Santander op 4th"]
[Site "Ocana"]
[Date "2019.08.23"]
[Round "2"]
[White "Martinez Paipa, Hernan"]
[Black "Silva Torres, Jorge J"]
[Result "0-1"]
[WhiteElo "1758"]
[BlackElo "1938"]
[PlyCount "170"]
[EventDate "2019.08.23"]
[EventType "swiss"]
[EventRounds "7"]
[EventCountry "COL"]
[SourceTitle "EXT 2020"]
[Source "ChessBase"]
[SourceDate "2019.10.17"]
[SourceVersion "1"]
[SourceVersionDate "2019.10.17"]
[SourceQuality "1"]

1. e4 e5 2. Nf3 Nc6 3. Bb5 Nf6 4. d3 Bc5 5. 0-0 Nd4 6. Nxd4 Bxd4 7. c3 Bb6 8. Nd2 c6 9. Ba4 0-0 10. Nf3 Re8 11. Bg5 h6 12. Bh4 d6 13. Nd2 g5 14. Bg3 Bg4 15. Qe1 Nh5 16. Bb3 Nf4 17. Bxf4 exf4 18. Kh1 d5 19. f3 Bh5 20. d4 Kg7 21. Qf2 Bg6 22. Rae1 Re7 23. exd5 Rxe1 24. Rxe1 cxd5 25. Qe2 f6 26. Kg1 Bf7 27. Kf2 Qd6 28. Qe7 Qc6 29. Qe2 Bc7 30. Bc2 Bd6 31. Qd3 Rh8 32. Qf5 b5 33. a3 Qc8 34. Qd3 a6 35. h3 h5 36. Qf5 a5 37. Bd3 b4 38. axb4 axb4 39. Nb1 bxc3 40. Nxc3 Bb4 41. Rc1 Qxf5 42. Bxf5 Rb8 43. Nd1 Ba5 44. Ke2 Rb4 45. Rc2 Rxd4 46. Rc5 Bb4 47. Rb5 Bd6 48. Rb7 Kf8 49. b3 Rb4 50. Rd7 Be5 51. Bc2 d4 52. Nf2 Bxb3 53. Bg6 Bc4+ 54. Kd1 Rb2 55. Ne4 h4 56. Rd8+ Ke7 57. Rc8 Bf1 58. Nc5 Bxg2 59. Re8+ Kd6 60. Ne4+ Kc7 61. Nd2 Bxh3 62. Nc4 Rb5 63. Be4 Bd7 64. Re7 Kd8 65. Rh7 h3 66. Kc2 Rc5 67. Kb3 Be6 68. Bd3 Rc7 69. Rh8+ Ke7 70. Kb4 Rc8 71. Rh7+ Kf8 72. Nb6 Rb8 73. Kc5 Kg8 74. Rh6 Rd8 75. Kc6 g4 76. fxg4 f3 77. g5 h2 78. gxf6 Kf7 79. Nc4 Bf4 80. Rh4 Bd5+ 81. Kc5 f2 82. Nb6 h1Q 83. Rxh1 Bxh1 84. Bf1 d3 85. Na4 Be5 0-1

[Event "Tunja Boyaca op"]
[Site "Tunja"]
[Date "2019.08.03"]
[Round "6"]
[White "Obando Guzman, Soren Federico"]
[Black "Martinez Paipa, Hernan"]
[Result "1-0"]
[WhiteElo "2036"]
[BlackElo "1758"]
[PlyCount "35"]
[EventDate "2019.07.31"]
[EventType "swiss"]
[EventRounds "9"]
[EventCountry "COL"]
[SourceTitle "EXT 2020"]
[Source "ChessBase"]
[SourceDate "2019.10.17"]
[SourceVersion "1"]
[SourceVersionDate "2019.10.17"]
[SourceQuality "1"]

1. d4 d5 2. c4 e6 3. Nf3 Nf6 4. g3 Be7 5. Bg2 0-0 6. 0-0 c6 7. Qc2 Nbd7 8. Nbd2 Re8 9. Rd1 Bf8 10. e4 dxe4 11. Nxe4 Nxe4 12. Qxe4 Nf6 13. Qe2 Qc7 14. Bf4 Qa5 15. Ne5 Nd7 16. Nxc6 Qa6 17. Ne5 Nxe5 18. dxe5 1-0

[Event "Tunja Boyaca op"]
[Site "Tunja"]
[Date "2019.08.02"]
[Round "5"]
[White "Martinez Paipa, Hernan"]
[Black "Arias, Juan Carlos2222"]
[Result "1-0"]
[WhiteElo "1758"]
[BlackElo "1936"]
[PlyCount "45"]
[EventDate "2019.07.31"]
[EventType "swiss"]
[EventRounds "9"]
[EventCountry "COL"]
[SourceTitle "EXT 2020"]
[Source "ChessBase"]
[SourceDate "2019.10.17"]
[SourceVersion "1"]
[SourceVersionDate "2019.10.17"]
[SourceQuality "1"]

1. e4 d5 2. exd5 Nf6 3. Nc3 Nxd5 4. Nxd5 Qxd5 5. Nf3 e5 6. d3 Nc6 7. Be2 h6 8. 0-0 Be6 9. Re1 Bc5 10. c3 a5 11. Be3 Rd8 12. Qc2 0-0 13. Bf1 Bf5 14. Bxc5 Qxc5 15. Rad1 Rfe8 16. Qc1 Qd5 17. a3 Qb3 18. d4 exd4 19. Rxe8+ Rxe8 20. Nxd4 Nxd4 21. Rxd4 Qe6 22. h3 Qg6 23. Kh2 1-0

[Event "Tunja Boyaca op"]
[Site "Tunja"]
[Date "2019.08.01"]
[Round "2"]
[White "Corredor Castellanos, Camilo"]
[Black "Martinez Paipa, Hernan"]
[Result "1/2-1/2"]
[WhiteElo "2027"]
[BlackElo "1758"]
[PlyCount "67"]
[EventDate "2019.07.31"]
[EventType "swiss"]
[EventRounds "9"]
[EventCountry "COL"]
[SourceTitle "EXT 2020"]
[Source "ChessBase"]
[SourceDate "2019.10.17"]
[SourceVersion "1"]
[SourceVersionDate "2019.10.17"]
[SourceQuality "1"]

1. d4 Nf6 2. c4 e6 3. Nc3 d5 4. cxd5 exd5 5. Bg5 Be7 6. e3 0-0 7. Qc2 c6 8. Bd3 Nbd7 9. Nge2 Re8 10. 0-0 Nf8 11. f3 h6 12. Bh4 g5 13. Bf2 Ne6 14. Ng3 Ng7 15. Rae1 Bf8 16. e4 Nfh5 17. Nxh5 Nxh5 18. exd5 Rxe1 19. Rxe1 cxd5 20. Bh7+ Kg7 21. Re5 Nf4 22. Bg3 Qb6 23. Bf2 Be6 24. h4 Be7 25. Bf5 Bf6 26. Na4 Qa5 27. hxg5 hxg5 28. Bxe6 Bxe5 29. dxe5 fxe6 30. Nc5 Qb5 31. g3 Nh3+ 32. Kg2 Nxf2 33. Nxe6+ Kh6 34. Qf5 1/2-1/2

[Event "COL pre olympic sf2"]
[Site "Palmira"]
[Date "2019.05.31"]
[Round "5"]
[White "Martinez Paipa, Hernan"]
[Black "Leal, Dayana Vanessa"]
[Result "1-0"]
[WhiteElo "1755"]
[BlackElo "1529"]
[PlyCount "39"]
[EventDate "2019.05.29"]
[EventType "swiss"]
[EventRounds "10"]
[EventCountry "COL"]
[SourceTitle "CBM 190 Extra"]
[Source "ChessBase"]
[SourceDate "2019.07.15"]
[SourceVersion "1"]
[SourceVersionDate "2019.07.15"]
[SourceQuality "1"]

1. e4 e5 2. Nf3 Nc6 3. Bb5 Nf6 4. 0-0 Nxe4 5. Re1 Nd6 6. Nxe5 Be7 7. Nxc6 bxc6 8. Ba4 Bb7 9. d4 0-0 10. Nd2 Ne8 11. Nf3 Nf6 12. c3 c5 13. Ne5 cxd4 14. Qxd4 c5 15. Qd1 d5 16. Bg5 Qc7 17. Bxf6 Bxf6 18. Nd7 Rfd8 19. Nxf6+ gxf6 20. Qh5 1-0

[Event "COL-ch sf1"]
[Site "Medellin"]
[Date "2019.04.21"]
[Round "10"]
[White "Martinez Paipa, Hernan"]
[Black "Sanchez Arroyave, Juan Pablo"]
[Result "0-1"]
[WhiteElo "1797"]
[BlackElo "1597"]
[PlyCount "66"]
[EventDate "2019.04.16"]
[EventType "swiss"]
[EventRounds "10"]
[EventCountry "COL"]
[SourceTitle "CBM 190 Extra"]
[Source "ChessBase"]
[SourceDate "2019.07.15"]
[SourceVersion "1"]
[SourceVersionDate "2019.07.15"]
[SourceQuality "1"]

1. d4 d5 2. Bf4 Nf6 3. e3 Bf5 4. Nd2 e6 5. c4 c6 6. Be2 Be7 7. h3 0-0 8. Ngf3 h6 9. 0-0 Nbd7 10. c5 Ne4 11. Nxe4 Bxe4 12. b4 f6 13. Bd3 Bxf3 14. gxf3 f5 15. Kh2 Qe8 16. Rg1 Qh5 17. Be2 Kh8 18. Qf1 g5 19. Be5+ Nxe5 20. dxe5 Qh4 21. Rb1 Bd8 22. b5 Bc7 23. a3 Bxe5+ 24. Kh1 Rad8 25. bxc6 bxc6 26. Rb7 Rb8 27. Rxa7 Rb2 28. Kg2 g4 29. fxg4 fxg4 30. Rh1 Rb1 31. Rh7+ Kg8 32. Rxh6 Rxf1 33. Rxh4 R8xf2# 0-1

[Event "COL-ch sf1"]
[Site "Medellin"]
[Date "2019.04.18"]
[Round "4"]
[White "Martinez Paipa, Hernan"]
[Black "Vizcaino Castillo, Andrea Carolina"]
[Result "1-0"]
[WhiteElo "1797"]
[BlackElo "1445"]
[PlyCount "26"]
[EventDate "2019.04.16"]
[EventType "swiss"]
[EventRounds "10"]
[EventCountry "COL"]
[SourceTitle "CBM 190 Extra"]
[Source "ChessBase"]
[SourceDate "2019.07.15"]
[SourceVersion "1"]
[SourceVersionDate "2019.07.15"]
[SourceQuality "1"]

1. d4 d5 2. Bf4 Nf6 3. e3 e6 4. Nd2 c5 5. c3 Nc6 6. Bd3 Bd6 7. Bg3 c4 8. Bc2 b5 9. Ngf3 Qc7 10. e4 dxe4 11. Nxe4 Nxe4 12. Bxe4 Bb7 13. Qe2 0-0 1-0

[Event "COL-ch sf1"]
[Site "Medellin"]
[Date "2019.04.16"]
[Round "1"]
[White "Torres Cueto, Jesus Marcial"]
[Black "Martinez Paipa, Hernan"]
[Result "1-0"]
[WhiteElo "2219"]
[BlackElo "1797"]
[PlyCount "59"]
[EventDate "2019.04.16"]
[EventType "swiss"]
[EventRounds "10"]
[EventCountry "COL"]
[SourceTitle "CBM 190 Extra"]
[Source "ChessBase"]
[SourceDate "2019.07.15"]
[SourceVersion "1"]
[SourceVersionDate "2019.07.15"]
[SourceQuality "1"]

1. d4 Nf6 2. c4 g6 3. Nc3 Bg7 4. e4 d6 5. h3 0-0 6. Be3 Nc6 7. Nge2 e5 8. d5 Ne7 9. g4 a6 10. Ng3 Nd7 11. Qc2 Nc5 12. Rg1 b6 13. Be2 Kh8 14. h4 f5 15. gxf5 gxf5 16. Nh5 Rg8 17. Bg5 f4 18. Nxg7 Qf8 19. Nh5 h6 20. Bf6+ Kh7 21. 0-0-0 Ng6 22. Bg7 Rxg7 23. Nxg7 f3 24. Bd3 Nf4 25. Rg3 Nfxd3+ 26. Rxd3 Nxd3+ 27. Qxd3 Qf4+ 28. Kc2 Qxh4 29. Qxf3 Qe7 30. Nf5 1-0

[Event "COL-chT"]
[Site "Ibague"]
[Date "2018.10.12"]
[Round "4.4"]
[White "Castillo, Ricardo"]
[Black "Martinez Paipa, Hernan"]
[Result "1-0"]
[WhiteElo "1956"]
[BlackElo "1845"]
[PlyCount "78"]
[EventDate "2018.10.11"]
[EventType "team-swiss"]
[EventRounds "6"]
[EventCountry "COL"]
[SourceTitle "CBM 186 Extra"]
[Source "ChessBase"]
[SourceDate "2018.08.24"]
[SourceVersion "1"]
[SourceVersionDate "2018.08.24"]
[SourceQuality "1"]
[WhiteTeam "Cundinamarca"]
[BlackTeam "Norte de Santander"]
[WhiteTeamCountry "COL"]
[BlackTeamCountry "COL"]

1. d4 d5 2. Bf4 Nf6 3. e3 Nc6 4. c4 e6 5. Nc3 Bd6 6. Bg3 a6 7. c5 Bxg3 8. hxg3 e5 9. Nf3 e4 10. Nd2 Bg4 11. Be2 Bxe2 12. Nxe2 Qd7 13. Nf4 Ne7 14. Rc1 c6 15. Nb1 Ng6 16. Nh5 Nxh5 17. Rxh5 Ne7 18. Nc3 Rd8 19. Kd2 Rb8 20. Na4 f6 21. Nb6 Qe6 22. Qe2 Nc8 23. Na4 Ne7 24. Rch1 h6 25. R5h2 Qf5 26. Rh5 Qg6 27. Kc1 Nc8 28. R5h4 Rf8 29. f4 Rf7 30. g4 Re7 31. f5 Qf7 32. Rf1 Kd8 33. Rhh1 b6 34. cxb6 Nxb6 35. Nc5 Ra7 36. g5 hxg5 37. Rh8+ Kc7 38. Nxa6+ Rxa6 39. Qxa6 Rb7 1-0